000
00319nam a22001457a 4500
008
210609b ||||| |||| 00| 0 eng d
020
_a
9781609137137
041
_a
eng
080
_2
10th
_a
610
082
_a
610
100
_a
4
101
_a
SHM
245
_a
Applied Therapeutics
_c
Alldredge,B.K
942
_2
udc
_c
BK
999
_c
58072
_d
58072